[Event "PCA wc final"]
[Site "New York"]
[Date "1995.09.11"]
[Round "1"]
[White "Anand, V"]
[Black "Kasparov, G"]
[Result "1/2-1/2"]
[WhiteElo "2725"]
[BlackElo "2795"]

1. e4 c5 2. Nf3 d6 3. d4 cxd4 4. Nxd4 Nf6 5. Nc3 a6 6. Be2 e6 7. a4 Nc6 8.
O-O Be7 9. Be3 O-O 10. f4 Qc7 11. Kh1 Re8 12. Qd2 Bd7 13. Rad1 Rad8 14. Nb3
Bc8 15. Bf3 b6 16. Qf2 Nd7 17. Nd4 Bb7 18. Bh5 Rf8 19. Qg3 Nxd4 20. Bxd4
Bf6 21. Be2 e5 22. fxe5 Bxe5 23. Qf2 Nc5 24. Bf3 Rfe8 25. h3 a5 26. b3 Bc6
27. Rfe1 h6 1/2-1/2

[Event "PCA wc final"]
[Site "New York"]
[Date "1995.09.15"]
[Round "4"]
[White "Kasparov, G"]
[Black "Anand, V"]
[Result "1/2-1/2"]
[WhiteElo "2795"]
[BlackElo "2725"]

1. Nf3 Nf6 2. c4 e6 3. Nc3 Bb4 4. g3 O-O 5. Bg2 d5 6. Qb3 c5 7. O-O Nc6 8.
d3 h6 9. e3 Re8 10. a3 dxc4 11. dxc4 Bxc3 12. Qxc3 e5 13. b4 e4 14. Nd2 Qe7
15. b5 Ne5 16. Nxe4 Nf3+ 17. Bxf3 Nxe4 18. Bxe4 Qxe4 19. f3 Qe7 20. e4 Be6
21. Be3 1/2-1/2

Timman vs Hracek Match - Czech Republic.
----------------------------------------

[Event "Match"]
[Site "Praha"]
[Date "1995.09.15"]
[Round "1"]
[White "Timman, J"]
[Black "Hracek, Z"]
[Result "0-1"]
[WhiteElo "2590"]
[BlackElo "2635"]

1. d4 Nf6 2. c4 e6 3. Nc3 Bb4 4. Qc2 O-O 5. a3 Bxc3+ 6. Qxc3 b6 7. Bg5 Bb7
8. f3 h6 9. Bh4 d5 10. e3 Re8 11. cxd5 exd5 12. Bb5 c6 13. Ba4 b5 14. Bc2
c5 15. Ne2 c4 16. O-O a5 17. b4 Nc6 18. Rab1 axb4 19. axb4 Qe7 20. Bxf6
Qxe3+ 21. Qxe3 Rxe3 22. Nf4 gxf6 23. Nxd5 Re2 24. Be4 Raa2 25. Kh1 f5 26.
Bxf5 Nxd4 27. Be4 Bxd5 28. Bxd5 Rxg2 29. Rg1 Rxg1+ 30. Rxg1+ Kf8 31. Rd1
Ne2 32. Re1 Rd2 33. Be4 c3 0-1

[Event "Match"]
[Site "Praha"]
[Date "1995.09.16"]
[Round "2"]
[White "Hracek, Z"]
[Black "Timman, J"]
[Result "1/2-1/2"]
[WhiteElo "2635"]
[BlackElo "2590"]

1. e4 c5 2. Nf3 d6 3. d4 cxd4 4. Nxd4 Nf6 5. Nc3 Nc6 6. Bg5 e6 7. Qd2 a6 8.
O-O-O h6 9. Be3 Bd7 10. f4 b5 11. Bd3 Be7 12. h3 Qc7 13. Nf3 Na5 14. Qf2 b4
15. Bb6 Qc6 16. Bxa5 bxc3 17. Bxc3 Nxe4 18. Bxe4 Qxe4 19. Rd4 Qb7 20. Bb4
Bf6 21. Bxd6 Bxd4 22. Qxd4 f6 23. Re1 Kf7 24. c4 Rhe8 25. Re3 Bc6 26. Rb3
Qd7 27. g4 Rac8 28. Nd2 Red8 29. c5 Bd5 30. Rc3 Qb5 31. b3 Qe2 32. Kb2 Qg2
33. Qe3 Rd7 34. Rc2 Qh1 35. Rc1 Qg2 36. Rc2 Qh1 37. Rc1 1/2-1/2

Fridrik Olafsson's 60th Birthday Tournament.
--------------------------------------------

[Event "Fridrik's It."]
[Site "Reykjavik"]
[Date "1995.09.10"]
[Round "7"]
[White "Petursson, M"]
[Black "Stefansson, H"]
[Result "1/2-1/2"]
[WhiteElo "2565"]
[BlackElo "2520"]

1. c4 e5 2. Nc3 d6 3. g3 g6 4. Bg2 Bg7 5. e3 f5 6. Nge2 Nf6 7. d3 a5 8. O-O
O-O 9. b3 c6 10. Bb2 Na6 11. Qd2 Be6 12. Rae1 d5 13. cxd5 Nxd5 14. Rd1 Nac7
15. Rfe1 Qd6 16. Qc1 Nxc3 17. Nxc3 b5 18. Nb1 Nd5 19. e4 Ne7 20. exf5 gxf5
21. Nd2 Bd5 22. Nc4 bxc4 23. dxc4 e4 24. Ba3 Qe6 25. cxd5 cxd5 26. Bxe7
Qxe7 27. Rxd5 a4 28. Qf4 axb3 29. axb3 Qe6 30. Bf1 Kh8 31. Bc4 Qf6 32. Red1
Rae8 33. Rd7 e3 34. fxe3 Re4 35. Qf3 Bh6 36. Rc7 Bxe3+ 37. Kh1 Bb6 38. Rb7
Bc5 39. Rc7 Bb6 40. Rcd7 Bc5 41. Rf1 Re3 42. Qb7 Be7 43. Qd5 Re5 44. Qf3
Bc5 45. Rd5 Bd6 46. Rd3 Qe7 47. Qc6 Rf6 48. Rdf3 Kg7 49. Bd3 Qf7 50. Bc4
Qe7 51. Qa8 Rf8 52. Qa1 Qb7 53. Qa6 Qxa6 54. Bxa6 h5 55. Bd3 Kg6 56. Rc1
Kg5 57. Rc4 Rc5 58. h4+ Kg6 59. Ra4 Rd5 60. b4 Rf6 61. Ra5 Re5 62. Rxe5
Bxe5 63. Kg2 Bd6 64. b5 Bc7 65. Bc2 Bb6 66. Kf1 Bc7 67. Kf2 Bb6+ 68. Kg2
Bc7 69. Rc3 Bb6 70. Kf3 Bd4 71. Rc8 Rb6 72. Bd3 Re6 73. Kg2 Bg7 74. Rc5 Be5
75. b6 Kf6 76. Rb5 Rd6 77. Bb1 Rd2+ 78. Kf3 Rb2 79. Bd3 Rxb5 80. Bxb5
1/2-1/2

[Event "Fridrik's It."]
[Site "Reykjavik"]
[Date "1995.09.10"]
[Round "7"]
[White "Polgar, S"]
[Black "Hjartarson, J"]
[Result "1-0"]
[WhiteElo "2485"]
[BlackElo "2570"]

1. e4 c5 2. Nf3 Nc6 3. d4 cxd4 4. Nxd4 Nf6 5. Nc3 e5 6. Ndb5 d6 7. Bg5 a6
8. Na3 Be6 9. Nc4 Rc8 10. Bxf6 gxf6 11. Ne3 Bh6 12. Ng4 Bg7 13. Bd3 Qb6 14.
Rb1 Ne7 15. O-O f5 16. exf5 Nxf5 17. Bxf5 Bxf5 18. Ne3 Be6 19. Qh5 Qc6 20.
Nf5 Bf8 21. Rfd1 Rg8 22. Ne3 Rg6 23. Ned5 Bh6 24. Rd3 Kf8 25. Qh4 Kg7 26.
Rbd1 Bg5 27. Qh5 Bd8 28. Ne3 Rg5 29. Qe2 Bc4 30. h4 Bxd3 31. Qxd3 Rg6 32.
h5 Rg5 33. Ne4 Rxh5 34. Nxd6 Bb6 35. Nef5+ Kf6 36. Ne4+ Kxf5 37. Qf3+ Kg6
38. Qg4+ Kh6 39. Rd6+ Qxd6 40. Nxd6 Rf8 41. Nf5+ Rxf5 42. Qxf5 f6 43. Qh3+
1-0

[Event "Fridrik's It."]
[Site "Reykjavik"]
[Date "1995.09.10"]
[Round "7"]
[White "Gligoric, S"]
[Black "Olafsson, H"]
[Result "1/2-1/2"]
[WhiteElo "2455"]
[BlackElo "2470"]

1. d4 Nf6 2. c4 e6 3. Nc3 Bb4 4. e3 O-O 5. Bd3 d5 6. Nf3 b6 7. O-O Bb7 8.
a3 Bd6 9. cxd5 exd5 10. b4 a6 11. Qb3 Qe7 12. b5 axb5 13. Nxb5 Nbd7 14.
Nxd6 Qxd6 15. Bb2 c5 16. Bf5 c4 17. Qc2 g6 18. Bh3 Ne4 19. a4 Rfe8 20. Ba3
Qc7 21. Bb4 Nb8 22. Nd2 Ng5 23. Bg4 Nc6 24. Bc3 Bc8 25. Bxc8 Raxc8 26. Rab1
Nb8 27. Rfe1 Nd7 28. f3 f5 29. e4 fxe4 30. fxe4 dxe4 31. Nxe4 Nxe4 32. Rxe4
Nf6 33. Rxe8+ Rxe8 34. Be1 Ng4 35. Bg3 Qc6 36. h3 Ne3 37. Qf2 Qxa4 38. Qf3
c3 39. Be5 c2 40. Rf1 Nxf1 41. Qd5+ Kf8 42. Qf3+ Kg8 43. Qd5+ Kf8 1/2-1/2

[Event "Fridrik's It."]
[Site "Reykjavik"]
[Date "1995.09.10"]
[Round "7"]
[White "Olafsson, F"]
[Black "Arnason, J"]
[Result "1/2-1/2"]
[WhiteElo "2465"]
[BlackElo "2545"]

1. e4 c5 2. Nf3 d6 3. d4 cxd4 4. Nxd4 Nf6 5. Nc3 a6 6. f4 e6 7. Be2 Be7 8.
O-O Qc7 9. Kh1 Nc6 10. Nxc6 bxc6 11. Bd3 Bb7 12. b3 Nd7 13. Na4 Bf6 14. Rb1
c5 15. Bd2 O-O 16. Qe2 g6 17. Rbe1 Rfe8 18. Qf2 Bg7 19. c4 f5 20. Re2 Nf6
21. Nc3 Bc6 22. h3 fxe4 23. Nxe4 Nxe4 24. Bxe4 Bxe4 25. Rxe4 d5 26. Re2
dxc4 27. bxc4 Rad8 28. Qe1 Qc6 29. Ba5 Rd4 30. Bc3 Rxc4 31. Bxg7 Kxg7 32.
f5 gxf5 33. Rxf5 exf5 34. Rxe8 Rc1 35. Qxc1 Qxe8 36. Qxc5 Qe6 37. a4 Kg6
38. a5 Qe2 39. Kh2 Qd3 40. Qe5 Kf7 41. h4 h5 42. Kg1 Qe4 43. Qg3 Qe2 44.
Kh2 Qe4 45. Qg5 Qe5+ 46. Kh3 Qc3+ 47. g3 Qf3 48. Qc1 1/2-1/2

[Event "Fridrik's It."]
[Site "Reykjavik"]
[Date "1995.09.10"]
[Round "7"]
[White "Gretarsson, H"]
[Black "Smyslov, V"]
[Result "1-0"]
[WhiteElo "2440"]
[BlackElo "2565"]

1. d4 e6 2. Nf3 f5 3. e4 fxe4 4. Ng5 Nf6 5. f3 h6 6. Nh3 d5 7. fxe4 dxe4 8.
Be2 Bd6 9. Bh5+ Ke7 10. O-O Nc6 11. Nc3 Nxd4 12. Nxe4 Nf5 13. Qe2 Nxe4 14.
Qxe4 Bc5+ 15. Kh1 Qd5 16. Qe1 Bd6 17. Nf4 Bxf4 18. Bxf4 Rf8 19. Bxc7 a5 20.
Qc3 Ra6 21. Qa3+ Nd6 22. Rfd1 Qe5 23. Rxd6 Rxd6 24. Rd1 1-0

[Event "Fridrik's It."]
[Site "Reykjavik"]
[Date "1995.09.11"]
[Round "8"]
[White "Stefansson, H"]
[Black "Gretarsson, H"]
[Result "1-0"]
[WhiteElo "2520"]
[BlackElo "2440"]

1. e4 e5 2. Nf3 Nc6 3. Bb5 a6 4. Ba4 Nf6 5. O-O Nxe4 6. d4 b5 7. Bb3 d5 8.
dxe5 Be6 9. Be3 Be7 10. c3 O-O 11. Nbd2 Qd7 12. Re1 Rad8 13. Bc2 f5 14.
exf6 Nxf6 15. Qb1 Kh8 16. Bd4 Bd6 17. Bxf6 Rxf6 18. Ng5 Bf5 19. Bxf5 Qxf5
20. Qxf5 Rxf5 21. Ne6 Rc8 22. Nb3 Ne5 23. Nbc5 Rf6 24. f4 Nc4 25. b3 Bxc5+
26. Nxc5 Rc6 27. b4 a5 28. Re7 axb4 29. cxb4 Rd6 30. Rd1 d4 31. Re4 Kg8 32.
Rexd4 Ra8 33. Ne4 Rxd4 34. Rxd4 Rxa2 35. Rd8+ Kf7 36. Rd7+ Kg6 37. g4 Ne3
38. f5+ Kh6 39. h3 Rg2+ 40. Kh1 Ra2 41. Rxc7 Ra4 42. Rc6+ g6 43. f6 g5 44.
f7+ Kg7 45. Nxg5 h6 46. Rc8 Ra1+ 47. Kh2 Ra2+ 48. Kg1 Rg2+ 49. Kh1 1-0

[Event "Fridrik's It."]
[Site "Reykjavik"]
[Date "1995.09.11"]
[Round "8"]
[White "Hjartarson, J"]
[Black "Gligoric, S"]
[Result "1-0"]
[WhiteElo "2570"]
[BlackElo "2455"]

1. e4 e5 2. Nf3 Nc6 3. Bb5 a6 4. Ba4 Nf6 5. O-O Be7 6. Re1 b5 7. Bb3 d6 8.
c3 O-O 9. h3 Bb7 10. d4 Re8 11. Nbd2 Bf8 12. d5 Nb8 13. Nf1 Nbd7 14. Ng3
Nc5 15. Bc2 c6 16. b4 Ncd7 17. dxc6 Bxc6 18. Bb3 h6 19. Nh4 Nb6 20. Nhf5
Nc4 21. Nh5 Nxh5 22. Qxh5 Bd7 23. Bxc4 bxc4 24. Ne3 Be6 25. a4 g6 26. Qd1
f5 27. Nd5 f4 28. Qe2 Rc8 29. Rd1 Bg7 30. b5 axb5 31. axb5 Rc5 32. Rb1 Qa5
33. Rb4 Kf7 34. Bb2 Rb8 35. Ra1 Qd8 36. Ra7+ Kf8 37. Ba3 Kg8 38. Ne7+ Kh7
39. Nc6 Qb6 40. Ra6 Rxc6 41. Rxb6 Rcxb6 42. Rxc4 Bxc4 43. Qxc4 Rxb5 44.
Bxd6 Rb1+ 45. Kh2 Ra8 46. Qf7 Raa1 47. g3 Rh1+ 48. Kg2 Rhg1+ 49. Kf3 Rxg3+
50. fxg3 1-0

[Event "Fridrik's It."]
[Site "Reykjavik"]
[Date "1995.09.11"]
[Round "8"]
[White "Olafsson, H"]
[Black "Petursson, M"]
[Result "1/2-1/2"]
[WhiteElo "2470"]
[BlackElo "2565"]

1. e4 c5 2. Nf3 d6 3. d4 cxd4 4. Nxd4 Nf6 5. Nc3 g6 6. Be3 Bg7 7. f3 Nc6 8.
Qd2 O-O 9. O-O-O d5 10. exd5 Nxd5 11. Nxc6 bxc6 12. Bd4 e5 13. Bc5 Be6 14.
Ne4 Re8 15. h4 Nf4 16. g3 Qxd2+ 17. Rxd2 Nh5 18. g4 Nf6 19. Bd3 Bd5 20. Re1
Rad8 21. a4 Nxe4 22. Bxe4 Bxe4 23. fxe4 Bf8 24. Be3 Rxd2 25. Kxd2 Kg7 26.
c3 a6 27. Kd3 Be7 28. h5 Kf6 29. Rh1 Ke6 30. hxg6 hxg6 31. Kc4 Rd8 32. b4
Bf6 33. g5 Be7 34. Rf1 Rd7 35. Bc5 Bd8 36. Be3 Be7 37. Bc5 Bd8 38. Be3
1/2-1/2

[Event "Fridrik's It."]
[Site "Reykjavik"]
[Date "1995.09.11"]
[Round "8"]
[White "Arnason, J"]
[Black "Larsen, B"]
[Result "1-0"]
[WhiteElo "2545"]
[BlackElo "2515"]

1. e4 c5 2. Nf3 g6 3. c4 Qa5 4. Nc3 d6 5. d4 Bg4 6. dxc5 dxc5 7. Qd5 Nc6 8.
Ne5 Nxe5 9. Qxe5 f6 10. Qg3 Bd7 11. Bd2 Bh6 12. f4 e6 13. O-O-O O-O-O 14.
Qf2 Qc7 15. g3 Ne7 16. Be3 g5 17. Bxc5 gxf4 18. Kb1 Bc6 19. Bh3 f5 20. Bxa7
Qe5 21. Qc5 Bg7 22. Qxe7 Bxe4+ 23. Ka1 Bxh1 24. Rxh1 fxg3 25. Na4 1-0

[Event "Fridrik's It."]
[Site "Reykjavik"]
[Date "1995.09.12"]
[Round "9"]
[White "Petursson, M"]
[Black "Hjartarson, J"]
[Result "1/2-1/2"]
[WhiteElo "2565"]
[BlackElo "2570"]

1. c4 e5 2. Nc3 Nc6 3. g3 g6 4. Bg2 Bg7 5. e3 d6 6. d3 Nh6 7. Nge2 O-O 8.
O-O Be6 9. h3 Rb8 10. Rb1 a6 11. b3 Qd7 12. Kh2 b5 13. Bb2 bxc4 14. bxc4 f5
15. Qa4 Nb4 16. Qxd7 Bxd7 17. Rfd1 e4 18. dxe4 Nxa2 19. Ba1 Nxc3 20. Nxc3
Rxb1 21. Rxb1 Bxc3 22. Bxc3 fxe4 23. Bxe4 Rxf2+ 24. Kg1 Re2 25. Rb8+ Kf7
26. Rh8 Rxe3 27. Bd5+ Be6 28. Bxe6+ Ke7 29. Bd5 Rxg3+ 30. Kh2 Rxc3 31.
Rxh7+ Kf6 32. Rxh6 c6 33. Bxc6 Rxc4 34. Be8 Rc8 35. Rxg6+ Kf5 36. Rg8 Kf6
37. Rg6+ Kf5 38. Rg8 Kf6 39. Rg6+ 1/2-1/2

[Event "Fridrik's It."]
[Site "Reykjavik"]
[Date "1995.09.12"]
[Round "9"]
[White "Gligoric, S"]
[Black "Olafsson, F"]
[Result "0-1"]
[WhiteElo "2455"]
[BlackElo "2465"]

1. d4 Nf6 2. c4 e6 3. Nc3 Bb4 4. e3 O-O 5. Bd3 c5 6. Nf3 d5 7. O-O dxc4 8.
Bxc4 b6 9. Qe2 Bb7 10. Rd1 Qc8 11. Bd3 Nbd7 12. Bd2 cxd4 13. exd4 Bxc3 14.
bxc3 Qc6 15. Re1 Rfe8 16. Rac1 a6 17. Bf4 Nh5 18. Be3 e5 19. Bf5 Nhf6 20.
Bc2 exd4 21. cxd4 Qd6 22. Bb3 Bd5 23. Bxd5 Nxd5 24. Qc4 b5 25. Qb3 Rac8 26.
Rxc8 Rxc8 27. Bd2 N7b6 28. a3 Qc6 29. Bb4 f6 30. Bc5 Na4 31. Rc1 Qe6 32.
Re1 Qf7 33. Bd6 Rc3 34. Qa2 Rc6 35. Bb4 Re6 36. Rc1 Nac3 37. Bxc3 Nxc3 38.
Rxc3 Re1+ 39. Nxe1 Qxa2 40. Kf1 a5 41. Nc2 b4 42. axb4 axb4 43. Rc8+ Kf7
44. Rc7+ Kg6 0-1

[Event "Fridrik's It."]
[Site "Reykjavik"]
[Date "1995.09.12"]
[Round "9"]
[White "Larsen, B"]
[Black "Smyslov, V"]
[Result "1/2-1/2"]
[WhiteElo "2515"]
[BlackElo "2565"]

1. e4 e5 2. Nc3 Nf6 3. Nf3 Nc6 4. Bc4 Bc5 5. O-O d6 6. d3 Be6 7. Bxe6 fxe6
8. Na4 Bb6 9. Nxb6 axb6 10. Ng5 Qe7 11. a3 O-O 12. c3 h6 13. Nh3 d5 14. f3
Rad8 15. Qe2 Qd6 16. Nf2 Ne7 17. Be3 Ng6 18. Rae1 Rf7 19. Qc2 c5 20. exd5
exd5 21. d4 Nd7 22. Ng4 Kh8 23. Bf2 exd4 24. cxd4 h5 25. Bg3 Qc6 26. Ne5
Ndxe5 27. Bxe5 Rdf8 28. Qd2 Kg8 29. Re2 h4 30. h3 Nf4 31. Re3 c4 32. Bxf4
Rxf4 33. Re5 Qg6 34. Qe3 R4f5 35. Re6 R5f6 36. Re7 R6f7 37. Rxf7 Rxf7 38.
Re1 Qf6 39. Qe8+ Rf8 40. Qe5 Qf5 41. Kf2 Qxe5 42. Rxe5 Rc8 43. Rxd5 c3 44.
bxc3 Rxc3 45. Rd7 Rxa3 46. Rxb7 Ra2+ 47. Kg1 Ra1+ 48. Kf2 Ra2+ 49. Ke3 Rxg2
50. d5 Kf8 51. d6 Ke8 52. Ke4 Rg3 53. f4 g6 54. Re7+ Kd8 55. Rg7 b5 56. Kd5
b4 57. Rg8+ 1/2-1/2

[Event "Fridrik's It."]
[Site "Reykjavik"]
[Date "1995.09.12"]
[Round "9"]
[White "Gretarsson, H"]
[Black "Olafsson, H"]
[Result "0-1"]
[WhiteElo "2440"]
[BlackElo "2470"]

1. b3 c5 2. Bb2 d5 3. e3 a6 4. f4 Nc6 5. Nf3 Bg4 6. Be2 Bxf3 7. Bxf3 e6 8.
O-O Nf6 9. f5 Bd6 10. fxe6 fxe6 11. Bxf6 gxf6 12. c4 Be5 13. cxd5 exd5 14.
Nc3 Qd6 15. Bxd5 O-O-O 16. e4 Bxh2+ 17. Kh1 Be5 18. Rc1 Kb8 19. a3 Ne7 20.
b4 f5 21. Qh5 cxb4 22. axb4 Nxd5 23. Nxd5 fxe4 24. Ne3 Bf4 25. b5 axb5 26.
Nf5 Qe5 27. d4 Rxd4 28. Qg4 Bxc1 29. Nxd4 Qxd4 30. Qg3+ Ka7 31. Rxc1 Rd8
32. Qc7 Rd6 33. Qxh7 Qe3 0-1

[Event "Fridrik's It."]
[Site "Reykjavik"]
[Date "1995.09.12"]
[Round "9"]
[White "Thorhallsson, T"]
[Black "Stefansson, H"]
[Result "1/2-1/2"]
[WhiteElo "2420"]
[BlackElo "2520"]

1. e4 c5 2. Nf3 d6 3. d4 cxd4 4. Nxd4 Nf6 5. Nc3 Nc6 6. Bg5 e6 7. Qd3 a6 8.
O-O-O Bd7 9. f4 h6 10. Bh4 g5 11. fxg5 Ng4 12. Be2 Nge5 13. Qe3 Be7 14. Kb1
hxg5 15. Bg3 Qb6 16. Nf5 Qxe3 17. Nxe3 O-O-O 18. Rhf1 f6 19. Rd2 Rdf8 20.
h3 Kb8 1/2-1/2

[Event "Fridrik's It."]
[Site "Reykjavik"]
[Date "1995.09.14"]
[Round "10"]
[White "Stefansson, H"]
[Black "Larsen, B"]
[Result "1-0"]
[WhiteElo "2520"]
[BlackElo "2515"]

1. e4 c5 2. Nf3 g6 3. c4 d6 4. d4 Bg4 5. d5 h5 6. h3 Bxf3 7. Qxf3 Na6 8.
Nc3 Nc7 9. Be2 a6 10. Rb1 Bg7 11. b4 b6 12. O-O Nf6 13. bxc5 bxc5 14. e5
Nd7 15. exd6 exd6 16. Ne4 O-O 17. Bg5 Ne5 18. Qg3 f6 19. Bd2 f5 20. Ng5 Qf6
21. h4 f4 22. Qh3 Rfb8 23. Ba5 Ne8 24. Qe6+ Qxe6 25. Nxe6 Bh6 26. Bc3 Nd7
27. Bd3 Kf7 28. Rbe1 Nef6 29. Ng5+ Bxg5 30. hxg5 Ng4 31. Re4 Nge5 32. Rxf4+
Kg8 33. Bc2 Rf8 34. Re4 Rae8 35. Rfe1 Rd8 36. f4 Ng4 37. g3 Nb6 38. Re7 Rf7
39. Bxg6 1-0

[Event "Fridrik's It."]
[Site "Reykjavik"]
[Date "1995.09.14"]
[Round "10"]
[White "Hjartarson, J"]
[Black "Gretarsson, H"]
[Result "1-0"]
[WhiteElo "2570"]
[BlackElo "2440"]

1. c4 b6 2. d4 e6 3. a3 Bb7 4. Nc3 f5 5. d5 Nf6 6. g3 g6 7. Bg2 Bg7 8. Nh3
O-O 9. O-O Na6 10. Rb1 Nc5 11. b4 Nce4 12. Bb2 exd5 13. cxd5 Nd6 14. Qb3
Kh8 15. Rbc1 Re8 16. Rfd1 Ng4 17. a4 a6 18. e3 Rc8 19. Nf4 Ne5 20. Nce2 Ne4
21. Nd3 Qe7 22. Nxe5 Bxe5 23. Bxe4 fxe4 24. Rxc7 Rxc7 25. d6 Qg7 26. Bxe5
Qxe5 27. dxc7 Qxc7 28. Qf7 Rd8 29. Nf4 1-0

[Event "Fridrik's It."]
[Site "Reykjavik"]
[Date "1995.09.14"]
[Round "10"]
[White "Arnason, J"]
[Black "Smyslov, V"]
[Result "1/2-1/2"]
[WhiteElo "2545"]
[BlackElo "2565"]

1. e4 e5 2. Nf3 Nc6 3. Bb5 g6 4. c3 a6 5. Ba4 d6 6. d4 Bd7 7. O-O Bg7 8.
Bg5 Nge7 9. dxe5 Nxe5 10. Nxe5 dxe5 11. Na3 h6 12. Be3 Bxa4 13. Qxa4+ Qd7
14. Qb3 Qc6 15. f3 O-O 16. Rad1 Rfd8 17. Nc2 Qb5 18. Nb4 Rxd1 19. Rxd1 Qe2
20. Bf2 a5 21. Rd7 Re8 22. Nd3 b6 23. c4 Qd2 24. h4 h5 25. c5 bxc5 26. Nxe5
Qc1+ 27. Rd1 Qf4 28. Nd3 Qf6 29. Qb5 Rd8 30. Qxc5 Nc6 31. Be3 Nb4 32. Nf2
Rxd1+ 33. Nxd1 Qxh4 34. Bf2 Qd8 35. Nc3 Nd3 36. Qd5 Qxd5 37. Nxd5 Nxf2 38.
Kxf2 Bxb2 39. Nxc7 Kf8 1/2-1/2

[Event "Fridrik's It."]
[Site "Reykjavik"]
[Date "1995.09.14"]
[Round "10"]
[White "Olafsson, F"]
[Black "Petursson, M"]
[Result "1/2-1/2"]
[WhiteElo "2465"]
[BlackElo "2565"]

1. d4 d5 2. c4 c6 3. Nc3 Nf6 4. e3 g6 5. Nf3 Bg7 6. Be2 O-O 7. O-O e6 8. b4
Nbd7 9. a4 b6 10. Qb3 Bb7 11. Rd1 Qc7 12. a5 Rac8 13. Bb2 dxc4 14. Qxc4 c5
15. dxc5 bxc5 16. b5 Rfd8 17. Qh4 c4 18. b6 axb6 19. Nb5 Qc5 20. Nd6 Bxf3
21. gxf3 c3 22. Ba3 Qxa5 23. Bb4 g5 24. Nxc8 Qxa1 25. Ne7+ Kh8 26. Rxa1
gxh4 27. Bxc3 Re8 28. Nc6 Rc8 29. Bb5 Nd5 30. Bxg7+ Kxg7 31. Nd4 N7f6 32.
Kg2 Rc5 33. f4 Ne4 34. Bd3 Nec3 35. Kf3 Ra5 36. Rg1+ Kh8 37. Rg4 Nf6 38.
Rxh4 Rh5 39. Rxh5 Nxh5 40. f5 e5 41. Nc6 f6 42. Na7 Ng7 43. Nc8 b5 44. Nd6
Kg8 45. Ne4 Nxe4 46. Kxe4 Kf8 47. Bxb5 Ke7 48. Ba4 Kd6 49. h3 Ke7 50. Kd5
Nh5 51. Bb3 Ng7 52. Ke4 Kf8 53. Bc4 Ne8 54. Kd5 Ke7 55. Be2 Ng7 56. Bg4 Ne8
57. Bd1 Ng7 58. Bc2 Ne8 59. Ke4 Nd6+ 60. Kd5 Ne8 61. Ba4 Ng7 62. Ke4 Kf8
63. f4 exf4 64. Kxf4 Nh5+ 65. Kg4 Ng7 66. Kf4 1/2-1/2

[Event "Fridrik's It."]
[Site "Reykjavik"]
[Date "1995.09.02"]
[Round "11"]
[White "Gligoric, S"]
[Black "Arnason, J"]
[Result "1/2-1/2"]
[WhiteElo "2455"]
[BlackElo "2545"]

1. d4 Nf6 2. c4 e6 3. Nc3 Bb4 4. e3 O-O 5. Bd3 d5 6. Nf3 b6 7. O-O Bb7 8.
a3 Bd6 9. cxd5 exd5 10. b4 a6 11. Ne5 Qe7 12. f4 c5 13. bxc5 bxc5 14. Bb2
Nbd7 15. Qf3 Nb6 16. Rab1 Rab8 17. Qh3 Ne4 18. Bxe4 dxe4 19. f5 cxd4 20.
exd4 Bxe5 21. dxe5 Nc4 22. Bc1 Qc5+ 23. Kh1 e3 24. f6 Nxe5 25. Qxe3 Qxe3
26. Bxe3 gxf6 27. Ba7 Rbc8 28. Bd4 Rfd8 29. Bxe5 fxe5 30. Rxb7 Rxc3 31.
Rbxf7 Rxa3 32. Re7 Rad3 33. Rxe5 Rd1 1/2-1/2

[Event "Fridrik's It."]
[Site "Reykjavik"]
[Date "1995.09.02"]
[Round "11"]
[White "Thorhallsson, T"]
[Black "Hjartarson, J"]
[Result "1/2-1/2"]
[WhiteElo "2420"]
[BlackElo "2570"]

1. e4 c5 2. Nf3 e6 3. c3 d5 4. exd5 Qxd5 5. d4 Nf6 6. Be2 Nc6 7. O-O cxd4
8. Nxd4 Nxd4 9. cxd4 Qd8 10. Nc3 Bd6 11. Bg5 O-O 12. Bf3 h6 13. Bh4 g5 14.
Bg3 Bxg3 15. hxg3 Bd7 16. d5 e5 17. Re1 Re8 18. Qb3 b6 19. Qa3 a5 20. Qb3
Rc8 1/2-1/2


Gelfand vs Andersson 2 game match
---------------------------------

[Event "Match"]
[Site "Osterskars"]
[Date "1995.08.??"]
[Round "2"]
[White "Andersson, U"]
[Black "Gelfand, B"]
[Result "1/2-1/2"]
[WhiteElo "2630"]
[BlackElo "2685"]

1. Nf3 g6 2. d4 Bg7 3. e4 c5 4. d5 Nf6 5. Nc3 O-O 6. Be2 d6 7. O-O e6 8.
dxe6 Bxe6 9. Bf4 Qb6 10. Bxd6 Rd8 11. e5 Ne8 12. Nd5 Qxb2 13. Rb1 Qxa2 14.
Ne7+ Kh8 15. Rxb7 Nd7 16. Nc6 Rdc8 17. Ne7 Rd8 18. Nc6 Rdc8 19. Ne7 Rd8
1/2-1/2

SpeedChess Match
-----------------

[Event "SpeedChess"]
[Site "Enkoping"]
[Date "1995.08.??"]
[Round "2"]
[White "Andersson, U"]
[Black "Karpov, An"]
[Result "1-0"]
[WhiteElo "2630"]
[BlackElo "2775"]

1. Nf3 d5 2. d4 Nf6 3. c4 dxc4 4. e3 e6 5. Bxc4 c5 6. O-O a6 7. Qe2 cxd4 8.
exd4 Be7 9. Nc3 b5 10. Bb3 O-O 11. Bg5 Bb7 12. Rad1 Nc6 13. Rfe1 Nb4 14. d5
Nfxd5 15. Nxd5 Bxg5 16. Nxb4 Qe7 17. Nd5 Bxd5 18. Bxd5 1-0

Tournament in Scandanavia
--------------------------

[Event "Open"]
[Site "Osterskars"]
[Date "1995.08.17"]
[Round "1"]
[White "Tisdall, J"]
[Black "Vark, L"]
[Result "1-0"]
[WhiteElo "2500"]
[BlackElo "2050"]

1. d4 Nf6 2. c4 g6 3. Nc3 d5 4. Nf3 Bg7 5. Qb3 dxc4 6. Qxc4 O-O 7. e4 Nbd7
8. Bf4 c6 9. Rd1 Nb6 10. Qc5 Bg4 11. Be2 Nfd7 12. Qa3 Bxf3 13. gxf3 e5 14.
dxe5 Qe8 15. Be3 Qxe5 16. f4 Qe8 17. e5 f6 18. Qb3+ Kh8 19. e6 Nb8 20. a4
Qe7 21. a5 Nc8 22. h4 b6 23. h5 f5 24. hxg6 h6 25. Bd4 Kg8 26. Be5 Bxe5 27.
fxe5 Kg7 28. Qc4 Re8 29. Rd3 Qxe6 30. Qf4 Rh8 31. Rd8 1-0

[Event "Open"]
[Site "Osterskars"]
[Date "1995.08.17"]
[Round "1"]
[White "Farago, I"]
[Black "Ansner, B"]
[Result "1-0"]
[WhiteElo "2520"]
[BlackElo "2120"]

1. d4 d5 2. c4 c6 3. Nc3 Nf6 4. Nf3 dxc4 5. a4 Bf5 6. Ne5 e6 7. f3 Bb4 8.
e4 Bxe4 9. fxe4 Nxe4 10. Bd2 Qxd4 11. Nxe4 Qxe4+ 12. Qe2 Bxd2+ 13. Kxd2
Qd5+ 14. Kc2 Na6 15. Nxc4 O-O-O 16. Qe3 Nb4+ 17. Kb3 c5 18. Rc1 Rd7 19. Be2
Nc6 20. Ka3 Nd4 21. Bf3 Nxf3 22. gxf3 Qd3+ 23. Rc3 Qxe3 24. Nxe3 Rc7 25.
Rhc1 b6 26. b4 cxb4+ 27. Kxb4 Rxc3 28. Rxc3+ Kb7 29. Rd3 Kc6 30. Nc4 a5+
31. Kb3 Rb8 32. Ne5+ Kc7 33. Rd7+ Kc8 34. Rxf7 Rb7 35. Kc4 Rc7+ 36. Rxc7+
Kxc7 37. Kb5 1-0

[Event "Open"]
[Site "Osterskars"]
[Date "1995.08.17"]
[Round "1"]
[White "Kopal, J"]
[Black "Kveinys, A"]
[Result "0-1"]
[WhiteElo "2120"]
[BlackElo "2515"]

1. e4 c5 2. c4 g6 3. Nc3 Bg7 4. g3 Nc6 5. Bg2 d6 6. Nge2 Nf6 7. O-O h5 8.
h3 Bd7 9. d3 Nd4 10. Nxd4 cxd4 11. Ne2 e5 12. Bd2 a5 13. b3 O-O 14. a4 Qc8
15. Kh2 Ne8 16. Ng1 f5 17. exf5 Bxf5 18. Bg5 Qd7 19. Qd2 Nc7 20. Rad1 Na6
21. Bd5+ Kh7 22. f3 Nc5 23. Qc2 Bxd3 24. Rxd3 Qf5 25. Be7 Qxd3 26. Qxd3
Nxd3 27. Bxd6 Rfd8 28. Bxb7 Rxd6 29. Bxa8 Nc5 30. Ne2 Nxb3 31. Bd5 Nc5 32.
Rb1 Nxa4 33. Ra1 d3 34. Rxa4 dxe2 35. Ra1 e4 36. Re1 Rxd5 37. Rxe2 exf3 38.
Rf2 Rd3 39. Ra2 Re3 40. g4 h4 0-1

[Event "Open"]
[Site "Osterskars"]
[Date "1995.08.18"]
[Round "2"]
[White "Paasikangas, J"]
[Black "Gdanski, J"]
[Result "0-1"]
[WhiteElo "2280"]
[BlackElo "2480"]

1. d4 g6 2. c4 Bg7 3. Nc3 c5 4. d5 Bxc3+ 5. bxc3 f5 6. e3 Qa5 7. Bd2 d6 8.
Bd3 Nf6 9. Ne2 Nbd7 10. f4 Nb6 11. O-O Qa4 12. Qxa4+ Nxa4 13. Ng3 Bd7 14.
Rab1 Nb6 15. Bc1 O-O-O 16. Rf2 Rhe8 17. Rfb2 Kc7 18. h3 Rb8 19. e4 fxe4 20.
Nxe4 Nxe4 21. Bxe4 Nxc4 22. Re2 Bf5 23. g4 Bxe4 24. Rxe4 b5 25. f5 gxf5 26.
gxf5 a6 27. Bh6 Kd7 28. Kh2 Rg8 29. Rbe1 Ne5 30. R1e3 Rbe8 31. Kh1 a5 32.
Kh2 Nc4 33. Re2 Nb6 34. Rd2 b4 35. cxb4 axb4 36. h4 Ra8 37. Bg5 Rg7 38. Re6
Rf7 39. Kg3 h6 40. Rxh6 Rxf5 41. Kg4 Rxd5 42. Re2 Rd4+ 43. Kf5 Nd5 44. Rh7
Kc6 45. Rf7 Nc3 46. Rexe7 Rxa2 47. Rb7 Rf2+ 48. Kg6 Rxf7 49. Rxf7 b3 50.
Rf2 Nd1 0-1